[Event "16th ch-EUR Indiv w 2015"]
[Site "Chakvi GEO"]
[Date "2015.05.30"]
[Round "11.15"]
[White "Ziaziulkina, Nastassia"]
[Black "Stetsko, Lanita"]
[Result "1-0"]
[WhiteTitle "IM"]
[BlackTitle "FM"]
[WhiteElo "2423"]
[BlackElo "2286"]
[WhiteFideId "13505211"]
[BlackFideId "13505300"]
[EventDate "2015.05.19"]

1. e4 e5 2. Nf3 Nc6 3. Bb5 a6 4. Ba4 Nf6 5. O-O Be7 6. Re1 b5 7. Bb3 d6 8. c3
O-O 9. d4 Bg4 10. Be3 Bh5 11. Nbd2 Na5 12. dxe5 dxe5 13. h3 Nxb3 14. Qxb3 Nd7
15. Qd5 Bd6 16. a4 Nf6 17. Qd3 Bxf3 18. Nxf3 Qb8 19. Nh4 Re8 20. Nf5 h6 21. Bxh6
g6 22. Nxd6 Rd8 23. Qe2 Rxd6 24. axb5 axb5 25. Rxa8 Qxa8 26. Qxb5 Kh7 27. Bc1
Re6 28. Qc4 Qb7 29. Qc5 Re8 30. f3 Nh5 31. Rd1 c6 32. b4 Qa6 33. c4 Qa1 34. Qd6
Qc3 35. b5 Ng3 36. Kh2 Ne2 37. Bg5 cxb5 38. cxb5 Nd4 39. Qf6 Rf8 40. b6 Ne6 41.
Rd7 Nxg5 42. Qxg5 Kg7 43. b7 1-0

[Event "16th ch-EUR Indiv w 2015"]
[Site "Chakvi GEO"]
[Date "2015.05.30"]
[Round "11.17"]
[White "Galojan, Lilit"]
[Black "Daulyte, Deimante"]
[Result "1/2-1/2"]
[WhiteTitle "IM"]
[BlackTitle "IM"]
[WhiteElo "2275"]
[BlackElo "2402"]
[WhiteFideId "13301314"]
[BlackFideId "12802859"]
[EventDate "2015.05.19"]

1. c4 e5 2. g3 Nf6 3. Bg2 d5 4. cxd5 Nxd5 5. Nc3 Nb6 6. Nf3 Nc6 7. O-O Be7 8. a3
O-O 9. b4 Be6 10. Rb1 f6 11. d3 Nd4 12. Nd2 c6 13. Nde4 Nd5 14. Bd2 Nxc3 15.
Nxc3 Qd7 16. Re1 Rfd8 17. e3 Nf5 18. Bf1 Nd6 19. Qc2 Bf8 20. Rec1 Bf5 21. Be1
Qf7 22. Ne4 Qg6 23. Nxd6 Rxd6 24. e4 Be6 25. a4 Rd7 26. Bd2 Qe8 27. Be3 Qd8 28.
Qb2 a6 29. Be2 Rc8 30. Qc3 Bd6 31. Rd1 Qf8 32. d4 Bb8 33. dxe5 Bxe5 34. Bd4 Rxd4
35. Rxd4 Bxd4 36. Qxd4 Rd8 37. Qc3 Qd6 38. Rd1 Qe7 39. Rxd8+ Qxd8 40. a5 Qd6 41.
f4 Bf7 42. Kf2 h5 43. Ke3 Qe6 44. h4 Qa2 45. Bd3 Qg2 46. Qe1 Qb2 47. Qb1 Qg2 48.
Qe1 Qb2 49. Qb1 Qg2 50. Qe1 Qb2 1/2-1/2

[Event "16th ch-EUR Indiv w 2015"]
[Site "Chakvi GEO"]
[Date "2015.05.30"]
[Round "11.18"]
[White "Sedina, Elena"]
[Black "Matveeva, Svetlana"]
[Result "1/2-1/2"]
[WhiteTitle "IM"]
[BlackTitle "IM"]
[WhiteElo "2312"]
[BlackElo "2380"]
[WhiteFideId "812153"]
[BlackFideId "4119827"]
[EventDate "2015.05.19"]

1. e4 e6 2. d4 d5 3. e5 c5 4. c3 Qb6 5. Nf3 Nc6 6. a3 Nh6 7. b4 cxd4 8. cxd4 Nf5
9. Be3 f6 10. b5 Nxe5 11. dxe5 Nxe3 12. fxe3 Qxe3+ 13. Qe2 Qc1+ 14. Qd1 Qe3+ 15.
Qe2 Qc1+ 16. Qd1 Qe3+ 17. Qe2 1/2-1/2

[Event "16th ch-EUR Indiv w 2015"]
[Site "Chakvi GEO"]
[Date "2015.05.30"]
[Round "11.19"]
[White "Lomineishvili, Maia"]
[Black "Vojinovic, Jovana"]
[Result "1/2-1/2"]
[WhiteTitle "IM"]
[BlackTitle "WGM"]
[WhiteElo "2364"]
[BlackElo "2262"]
[WhiteFideId "13600656"]
[BlackFideId "937266"]
[EventDate "2015.05.19"]

1. d4 e6 2. c4 f5 3. Nc3 Nf6 4. Qc2 Be7 5. Nf3 O-O 6. Bf4 d6 7. h3 Nh5 8. Bh2 f4
9. O-O-O a6 10. e3 fxe3 11. fxe3 g6 12. Bd3 Nd7 13. h4 Ndf6 14. Ng5 Qe8 15. Be2
e5 16. dxe5 Ng4 17. Nd5 Bd8 18. exd6 Nxh2 19. Bxh5 c6 20. Ne7+ Bxe7 21. dxe7
Qxe7 22. Bxg6 hxg6 23. Qxg6+ Kh8 24. Qh6+ Kg8 25. Rxh2 Qxe3+ 26. Kb1 Bf5+ 27.
Ka1 Qe2 28. Rhh1 Rae8 29. c5 Bc2 30. Rc1 Rf2 31. Nh3 Re6 32. Qg5+ Rg6 33. Qd8+
Rf8 34. Qd4 Rg4 35. Qc3 Bg6 36. Ng5 Rxg2 37. Qb3+ Bf7 38. Qxb7 Qe5 39. Rhe1 Qd5
40. Nxf7 Rxf7 41. Re8+ Kh7 42. Re7 Rxe7 43. Qxe7+ Rg7 44. Qe2 Kh8 45. a3 a5 46.
Qc2 Qd4 47. Qc3 Qxc3 48. Rxc3 Rg4 49. Re3 Rc4 50. Re5 a4 51. h5 Kg7 52. Rf5 Kh7
53. Kb1 Kg7 54. h6+ Kxh6 55. Rf6+ Kg7 56. Rxc6 Kf7 57. Rb6 Rxc5 58. Rb4 Ra5 59.
Re4 Kf6 60. Kc2 Kf5 61. Re2 Rb5 62. Re8 Rc5+ 63. Kd3 Rb5 64. Kc3 Rb3+ 65. Kc2
Rh3 66. Rb8 Rh7 67. Kc3 Rh3+ 68. Kc4 Rh4+ 69. Kd5 Kf6 70. Rb4 Rh5+ 71. Kd6 Ra5
72. Rf4+ Kg5 73. Rc4 Ra8 74. Ke5 Re8+ 75. Kd5 Ra8 76. Re4 Kf6 77. Kc5 Kf5 78.
Re2 Rb8 79. Kd4 Rb3 80. Kc4 Kf6 81. Kd5 Rd3+ 82. Kc5 Rb3 83. Kd6 Rb6+ 84. Kc5
Rb3 85. Kc4 Kf5 86. Kd4 Kf6 87. Kc5 Kf5 88. Kd6 Rd3+ 89. Kc7 Rb3 90. Kc6 Kf6 91.
Re4 Rxb2 92. Rxa4 Ke7 93. Rd4 Rc2+ 94. Kb6 Rb2+ 95. Ka6 Rb1 96. a4 Rb2 97. Rd5
Rb4 98. Ka5 Rb1 99. Rb5 Ra1 100. Rb4 Kd7 101. Kb6 Kc8 102. Ka7 Kc7 103. Rc4+ Kd6
104. Kb6 Rb1+ 105. Ka5 Kd7 106. Rc5 Rb2 107. Rb5 Ra2 108. Rb4 Kc7 109. Ka6 Ra1
110. a5 Ra2 111. Rb7+ Kc8 112. Rb5 Kc7 113. Ka7 Ra1 114. Rc5+ Kd6 115. Rh5 Kc7
116. a6 Rc1 117. Rh7+ Kc8 118. Kb6 Rb1+ 119. Kc6 Rc1+ 120. Kb6 Rb1+ 121. Ka7 Rc1
122. Ka8 Rc2 123. Rh8+ Kc7 124. Ka7 Rc1 125. Rg8 Rc2 126. Rg1 Kc8 127. Rb1 Kc7
128. Ka8 Kc8 129. a7 Kc7 130. Rb7+ Kc8 131. Rh7 Rc1 1/2-1/2

[Event "16th ch-EUR Indiv w 2015"]
[Site "Chakvi GEO"]
[Date "2015.05.30"]
[Round "11.20"]
[White "Zimina, Olga"]
[Black "Mikadze, Miranda"]
[Result "1-0"]
[WhiteTitle "IM"]
[BlackTitle "WIM"]
[WhiteElo "2339"]
[BlackElo "2233"]
[WhiteFideId "4132190"]
[BlackFideId "13603108"]
[EventDate "2015.05.19"]

1. Nf3 d5 2. g3 Nf6 3. Bg2 c6 4. O-O g6 5. d3 Bg7 6. Nbd2 O-O 7. e4 dxe4 8. dxe4
a5 9. Qe2 Na6 10. Rd1 Nd7 11. Nc4 b5 12. Nce5 Qc7 13. Nxd7 Bxd7 14. Bf4 Qc8 15.
e5 Nc7 16. c4 b4 17. Rd2 Ne6 18. Be3 Qc7 19. Rad1 Rfd8 20. b3 Rab8 21. Bh3 Bc8
22. Bxe6 Bxe6 23. Bf4 Rxd2 24. Qxd2 Rf8 25. Ng5 Bxe5 26. Bxe5 Qxe5 27. Re1 Qf5
28. Nxe6 fxe6 29. Qe3 Kf7 30. Rd1 Ra8 31. Rd4 g5 32. Re4 h6 33. Re5 Qf6 34. Qe2
a4 35. Re3 axb3 36. axb3 Ra5 37. g4 Qg6 38. Kg2 e5 39. Rf3+ Ke6 40. Rf5 Kd7 41.
Rf8 e4 42. Qe3 c5 43. Rf5 Qc6 44. h3 Ke8 45. Re5 Qf6 46. Qxe4 Ra2 47. Rf5 Qd6
48. Qb7 Rd2 49. Qc8+ Qd8 50. Qc6+ Qd7 51. Qg6+ Kd8 52. Qg8+ Qe8 53. Rf8 1-0

[Event "16th ch-EUR Indiv w 2015"]
[Site "Chakvi GEO"]
[Date "2015.05.30"]
[Round "11.21"]
[White "Fataliyeva, Ulviyya"]
[Black "Kazimova, Narmin"]
[Result "1/2-1/2"]
[WhiteTitle "WIM"]
[BlackTitle "WGM"]
[WhiteElo "2331"]
[BlackElo "2259"]
[WhiteFideId "13403052"]
[BlackFideId "13402951"]
[EventDate "2015.05.19"]

1. e4 e5 2. Nf3 Nc6 3. Nc3 Nf6 4. d4 exd4 5. Nxd4 Bb4 6. Nxc6 bxc6 7. Bd3 d5 8.
exd5 cxd5 9. O-O O-O 10. Bg5 c6 11. Na4 Be7 12. Re1 Be6 13. c3 h6 14. Bh4 Re8
15. b4 Nd7 16. Bxe7 Qxe7 17. Bc2 Qf6 18. Qd4 Qxd4 19. cxd4 a5 20. a3 axb4 21.
axb4 Rab8 22. Reb1 g6 23. f3 Rb7 24. Nc5 Rb6 25. Ra7 Nxc5 26. dxc5 Rbb8 27. Ba4
Rec8 28. Ra6 Bd7 29. Kf2 Ra8 30. Rxa8 Rxa8 31. Bb3 Bf5 32. Rb2 Bd3 33. Ke3 Bb5
34. h4 Kg7 35. Kd4 Kf6 36. Rb1 Re8 37. Ra1 Re2 38. Ra2 Re1 39. Ra5 Rb1 40. Kc3
Ke5 41. f4+ Ke6 42. Ra8 Rf1 43. Ba4 Bxa4 44. Rxa4 Rxf4 45. Ra7 d4+ 46. Kd3 Rxh4
47. Rc7 Rg4 48. Rxc6+ Ke5 49. b5 Kd5 50. Rc8 Rg3+ 51. Ke2 Rb3 52. b6 Kc4 53. Rc7
d3+ 54. Ke3 Kc3 55. Rxf7 d2 56. Rd7 Kc4+ 57. Kxd2 Kxc5 58. b7 Kc6 59. Rg7 Rxb7
60. Rxg6+ Kd5 61. Rxh6 Rb2+ 1/2-1/2

[Event "16th ch-EUR Indiv w 2015"]
[Site "Chakvi GEO"]
[Date "2015.05.30"]
[Round "11.22"]
[White "Szczepkowska-Horowska, Karina"]
[Black "Kursova, Maria"]
[Result "0-1"]
[WhiteTitle "WGM"]
[BlackTitle "WGM"]
[WhiteElo "2412"]
[BlackElo "2267"]
[WhiteFideId "1122681"]
[BlackFideId "4129709"]
[EventDate "2015.05.19"]

1. e4 c5 2. Nf3 e6 3. d3 Nc6 4. g3 d6 5. Bg2 Nf6 6. O-O Be7 7. Re1 O-O 8. c3 Bd7
9. Na3 Rc8 10. h3 a6 11. Nc2 b5 12. d4 cxd4 13. Nfxd4 Qc7 14. Nxc6 Bxc6 15. Nd4
Bb7 16. a4 bxa4 17. Rxa4 Nd7 18. h4 h6 19. Ra1 Rb8 20. Bd2 Bf6 21. Qh5 Nc5 22.
Rab1 Bc8 23. b4 Nd3 24. Red1 Nxb4 25. g4 Nd3 26. Rxb8 Qxb8 27. g5 hxg5 28. hxg5
Be5 29. Qf3 Nc5 30. Qe2 g6 31. f4 Bg7 32. f5 Re8 33. f6 Bf8 34. Bf3 e5 35. Nc2
d5 36. exd5 e4 37. Bg2 Qg3 38. Qe1 Qg4 39. Be3 Bd6 40. Nb4 Bd7 41. Ra1 Qh5 42.
Ra2 Qh2+ 43. Kf1 Bb5+ 44. Re2 Nd3 45. Qd2 Re5 46. Nxd3 exd3 47. Re1 Rf5+ 48. Bf2
Bg3 0-1

[Event "16th ch-EUR Indiv w 2015"]
[Site "Chakvi GEO"]
[Date "2015.05.30"]
[Round "11.23"]
[White "Arakhamia-Grant, Ketevan"]
[Black "Baraeva, Marina"]
[Result "1-0"]
[WhiteTitle "GM"]
[BlackTitle "WIM"]
[WhiteElo "2393"]
[BlackElo "2204"]
[WhiteFideId "13600168"]
[BlackFideId "24142573"]
[EventDate "2015.05.19"]

1. e4 e6 2. d4 d5 3. Nc3 Nf6 4. e5 Nfd7 5. f4 c5 6. Nf3 Nc6 7. Be3 a6 8. Qd2 b5
9. a3 Qb6 10. Nd1 cxd4 11. Nxd4 Nxd4 12. Bxd4 Bc5 13. c3 a5 14. Be2 Bb7 15. Ne3
b4 16. axb4 axb4 17. Rxa8+ Bxa8 18. Nc2 bxc3 19. Qxc3 O-O 20. b4 Bxd4 21. Qxd4
Rc8 22. Qxb6 Nxb6 23. Kd2 d4 24. Rg1 Be4 25. Nxd4 Rd8 26. Ke3 Bb7 27. f5 Nd5+
28. Kf2 Nxb4 29. fxe6 Nc6 30. Nxc6 Bxc6 31. e7 Re8 32. Rc1 Bd7 33. Rc7 Rxe7 34.
Bb5 Rxe5 35. Rxd7 h5 36. Bc4 Rf5+ 37. Ke3 g6 38. h4 Kg7 39. Bd5 Re5+ 40. Kd4 Rf5
41. Ke4 Kg8 42. Rc7 Kg7 43. Rc3 Rf2 44. Ke5 Rf5+ 45. Kd6 Rf4 46. Rc4 Rf2 47. Bf3
Ra2 48. Ke7 Ra5 49. Rf4 Re5+ 50. Kd6 Re6+ 51. Kd5 Re7 52. Ra4 Re6 53. Rf4 Ra6
54. Be2 Ra2 55. Re4 Rd2+ 56. Ke5 Rd7 57. Bf3 Rd8 58. Rc4 Rd7 59. Rc6 Ra7 60. Bd5
Rd7 61. Rb6 Re7+ 62. Kd6 Re1 63. Rb7 Rf1 64. Ke7 Rf5 65. Rd7 Rf4 66. Ke8 Rxh4
67. Rxf7+ Kh6 68. Ke7 Rd4 69. Ke6 Rb4 70. Ke5 Kg5 71. Rf6 Rb5 72. Ra6 Rc5 73.
Kd4 Rc7 74. Be4 Rg7 75. Ke3 Rg8 76. Kf3 Rf8+ 77. Kg3 Rg8 78. Ra5+ Kh6 79. Re5
Rf8 80. Re6 Rg8 81. Kh4 Rg7 82. Bf3 Kh7 83. Kg5 Ra7 84. Be4 Ra5+ 85. Kf6 Kh6 86.
Bxg6 h4 87. Bf5 Ra2 88. Bh3 Rf2+ 89. Ke7+ Kg5 90. Re5+ Kg6 91. Re4 Kg5 92. Ke6
Rf6+ 93. Ke5 Rf2 94. Rg4+ Kh5 95. Rg8 Re2+ 96. Kf6 Rf2+ 97. Bf5 1-0

[Event "16th ch-EUR Indiv w 2015"]
[Site "Chakvi GEO"]
[Date "2015.05.30"]
[Round "11.24"]
[White "Vakhania, Alexandra"]
[Black "Ovod, Evgenija"]
[Result "1-0"]
[BlackTitle "IM"]
[WhiteElo "2130"]
[BlackElo "2320"]
[WhiteFideId "13602560"]
[BlackFideId "4131827"]
[EventDate "2015.05.19"]

1. Nf3 c5 2. c3 d5 3. d4 Nf6 4. e3 Nc6 5. a3 cxd4 6. exd4 Qc7 7. Bg5 Bg4 8. Bd3
e6 9. Nbd2 Bd6 10. Qe2 O-O-O 11. h3 Bh5 12. g4 Bg6 13. Bxg6 hxg6 14. O-O-O Kb8
15. Kb1 Rc8 16. Bxf6 gxf6 17. c4 dxc4 18. Nxc4 Ne7 19. Rc1 Bf4 20. Ne3 Qd7 21.
h4 Rxc1+ 22. Rxc1 f5 23. g5 Nc6 24. Rd1 Rd8 25. d5 Bxe3 26. Qxe3 exd5 27. Ne5
Qe6 28. Nxc6+ bxc6 29. Qb3+ Kc7 30. Qc3 Re8 31. Qc5 Kb8 32. Rd4 Re7 33. h5 gxh5
34. Rh4 Rb7 35. Rxh5 Rb5 36. Qf8+ Kb7 37. Rh7 Qe4+ 38. Ka1 Qe1+ 39. Ka2 Qxf2 40.
Rxf7+ Ka6 41. Qc8+ Ka5 42. Qc7+ Qb6 43. b4+ Rxb4 44. axb4+ Kxb4 45. Qxb6+ axb6
46. g6 1-0

[Event "16th ch-EUR Indiv w 2015"]
[Site "Chakvi GEO"]
[Date "2015.05.30"]
[Round "11.26"]
[White "Umudova, Nargiz"]
[Black "Hairapetian, Anna"]
[Result "1-0"]
[WhiteTitle "WIM"]
[BlackTitle "WIM"]
[WhiteElo "2275"]
[BlackElo "2192"]
[WhiteFideId "13402137"]
[BlackFideId "13303554"]
[EventDate "2015.05.19"]

1. e4 c5 2. Nf3 d6 3. d4 cxd4 4. Nxd4 Nf6 5. Nc3 a6 6. Qf3 e5 7. Nf5 Nc6 8. Bg5
Bxf5 9. exf5 Be7 10. O-O-O O-O 11. Be3 Qa5 12. g4 Rfc8 13. g5 Nb4 14. gxf6 Rxc3
15. bxc3 Nxa2+ 16. Kd2 Qxc3+ 17. Ke2 Qxc2+ 18. Ke1 Qc3+ 19. Rd2 Bxf6 20. Qxb7
Rd8 21. Qb2 d5 22. Qxa2 d4 23. Kd1 dxe3 24. Rxd8+ Bxd8 25. fxe3 Ba5 26. Bc4 h5
27. Ke2 Bb6 28. Qb3 Qa5 29. Bxf7+ Kh7 30. Bg8+ Kh8 31. Bd5 Qc5 32. Rd1 a5 33.
Rd3 e4 34. Bxe4 Qc7 35. Qd5 Qxh2+ 36. Kd1 Qg1+ 37. Kc2 Qf2+ 38. Rd2 Qxe3 39. f6
g6 40. Bxg6 1-0

[Event "16th ch-EUR Indiv w 2015"]
[Site "Chakvi GEO"]
[Date "2015.05.30"]
[Round "11.27"]
[White "Zaksaite, Salomeja"]
[Black "Ibrahimova, Sabina"]
[Result "0-1"]
[WhiteTitle "WIM"]
[BlackTitle "WIM"]
[WhiteElo "2203"]
[BlackElo "2272"]
[WhiteFideId "12801496"]
[BlackFideId "13403893"]
[EventDate "2015.05.19"]

1. e4 c5 2. Nf3 Nc6 3. Bb5 g6 4. Bxc6 bxc6 5. O-O Bg7 6. d3 d6 7. h3 e5 8. Bg5
Ne7 9. Nh2 f6 10. Bd2 O-O 11. Nc3 f5 12. f4 fxe4 13. Nxe4 d5 14. Nxc5 exf4 15.
c3 g5 16. d4 Nf5 17. Nf3 Ng3 18. Re1 g4 19. hxg4 Bxg4 20. Nd3 Qd6 21. Nde5 Bxe5
22. Rxe5 Qh6 23. Kf2 Ne4+ 24. Kg1 Bxf3 25. gxf3 Rf6 26. Be1 Qh3 0-1

[Event "16th ch-EUR Indiv w 2015"]
[Site "Chakvi GEO"]
[Date "2015.05.30"]
[Round "11.29"]
[White "Schleining, Zoya"]
[Black "Topel, Zehra"]
[Result "1-0"]
[WhiteTitle "WGM"]
[BlackTitle "WIM"]
[WhiteElo "2375"]
[BlackElo "2179"]
[WhiteFideId "4671660"]
[BlackFideId "6302661"]
[EventDate "2015.05.19"]

1. Nf3 g6 2. e4 Bg7 3. d4 d6 4. Be3 Nf6 5. Nc3 Bg4 6. h3 Bxf3 7. Qxf3 Nc6 8. Bb5
O-O 9. O-O-O Na5 10. e5 Nd7 11. Bf4 a6 12. Be2 Nc6 13. Qe3 Nb6 14. h4 Qc8 15. h5
dxe5 16. dxe5 Qe6 17. hxg6 fxg6 18. Bg3 Nb4 19. Kb1 N4d5 20. Nxd5 Nxd5 21. Qe4
c6 22. Bg4 Qf7 23. c4 Nb6 24. b3 Rad8 25. f4 Nc8 26. Bf2 e6 27. g3 Ne7 28. Bc5
Rfe8 29. Bb6 Rxd1+ 30. Rxd1 Nf5 31. Qd3 Bf8 32. Be2 h5 33. Qf3 Nh6 34. Bd3 Re7
35. Bc2 Re8 36. Qe4 Kg7 37. Kb2 Nf5 38. Rg1 Nh6 39. Rh1 Nf5 40. Qd3 Be7 41. Rd1
Bf8 42. Qf3 Nh6 43. Be4 Kg8 44. Rd3 Kg7 45. Qd1 Kg8 46. a3 Kg7 47. b4 Ng4 48.
Qd2 Kg8 49. Kb3 Bh6 50. Rd7 Re7 51. Rxe7 Qxe7 52. Bxg6 Nxe5 53. Bxh5 Nd7 54. Bd4
e5 55. Bc3 exf4 56. gxf4 Nf6 57. Qg2+ Kf8 58. Qg6 Bg7 59. Qf5 Qd8 60. Bg4 Qe7
61. Bh3 Kf7 62. Qe5 b6 63. Qxe7+ Kxe7 64. Bd4 b5 65. Bc8 bxc4+ 66. Kxc4 Bh6 67.
f5 Ne4 68. Bc5+ Kf6 69. Bxa6 Kxf5 70. Bb7 Ke6 71. Bxc6 Nxc5 72. Kxc5 Be3+ 73.
Kb5 Kd6 74. a4 Kc7 75. Be4 Bd2 76. a5 Kb8 77. Kc5 Ka7 78. Kb5 Be1 79. Ka4 Bd2
80. Bf3 Be1 81. Bg4 Bd2 82. b5 Be3 83. Be2 Bf2 84. Kb3 Be1 85. b6+ Kb7 86. Ka4
Kc6 87. Bf3+ Kc5 88. Be2 Bh4 89. b7 Bg3 90. Kb3 Bb8 91. Kc3 Be5+ 92. Kd3 Kb4 93.
a6 Bb8 94. Kd4 Ba7+ 95. Kd5 Ka5 96. Kc6 Bb8 97. Bf1 1-0

[Event "16th ch-EUR Indiv w 2015"]
[Site "Chakvi GEO"]
[Date "2015.05.30"]
[Round "11.30"]
[White "Mammadzada, Gunay"]
[Black "Martynkova, Olena"]
[Result "1-0"]
[WhiteTitle "WGM"]
[BlackTitle "WFM"]
[WhiteElo "2336"]
[BlackElo "2165"]
[WhiteFideId "13403729"]
[BlackFideId "14134039"]
[EventDate "2015.05.19"]

1. e4 c5 2. Nf3 e6 3. d4 cxd4 4. Nxd4 Nc6 5. Nb5 d6 6. Bf4 e5 7. Be3 Nf6 8. Bg5
Be6 9. Bxf6 gxf6 10. Nd2 a6 11. Nc3 f5 12. Bc4 Qg5 13. g3 O-O-O 14. h4 Qg6 15.
h5 Qg5 16. Nf3 Qe7 17. Nd5 Bxd5 18. exd5 Nb8 19. Nh4 f4 20. Qf3 fxg3 21. O-O-O
g2 22. Qxg2 Rg8 23. Qe4 Bh6+ 24. Kb1 Bg5 25. h6 Nd7 26. Nf3 Rg6 27. Rh5 Bf4 28.
Bd3 Kb8 29. Qb4 Rxh6 30. Rxh6 Bxh6 31. Bxa6 Nc5 32. Be2 f5 33. a4 Bg7 34. a5 e4
35. Nd4 Bxd4 36. Qxd4 f4 37. b4 f3 38. Bb5 Nd7 39. Re1 Nf6 40. a6 Qe5 41. Qb6
Qe7 42. Bc6 Rc8 43. Bxb7 1-0

[Event "16th ch-EUR Indiv w 2015"]
[Site "Chakvi GEO"]
[Date "2015.05.30"]
[Round "11.31"]
[White "Isgandarova, Khayala"]
[Black "Choladze, Mariam"]
[Result "1-0"]
[WhiteTitle "WIM"]
[WhiteElo "2243"]
[BlackElo "1989"]
[WhiteFideId "13401823"]
[BlackFideId "13600931"]
[EventDate "2015.05.19"]

1. e4 c5 2. Nf3 e6 3. d4 cxd4 4. Nxd4 a6 5. Bd3 Nf6 6. O-O Qc7 7. Kh1 d6 8. c4
g6 9. Nc3 Bg7 10. Be3 O-O 11. Rc1 b6 12. b4 Bb7 13. f4 Nbd7 14. Nb3 Rac8 15. Qe2
Qb8 16. a4 Qa8 17. Bg1 Rfe8 18. c5 bxc5 19. bxc5 d5 20. e5 Ne4 21. Nxe4 dxe4 22.
Bb1 f6 23. Na5 Bd5 24. c6 Nb8 25. Bxe4 Nxc6 26. Nc4 Rcd8 27. Nb6 Qb7 28. exf6
Bxf6 29. Nxd5 exd5 30. Bxd5+ Kg7 31. Qf3 1-0

[Event "16th ch-EUR Indiv w 2015"]
[Site "Chakvi GEO"]
[Date "2015.05.30"]
[Round "11.32"]
[White "Khomeriki, Nino"]
[Black "Balajayeva, Khanim"]
[Result "1-0"]
[WhiteTitle "WFM"]
[BlackTitle "WCM"]
[WhiteElo "2228"]
[BlackElo "2130"]
[WhiteFideId "13603191"]
[BlackFideId "13406396"]
[EventDate "2015.05.19"]

1. Nf3 d5 2. c4 e6 3. g3 Nf6 4. Bg2 d4 5. e3 c5 6. exd4 cxd4 7. d3 Be7 8. O-O
O-O 9. b3 Nc6 10. Bb2 Re8 11. Re1 Bf8 12. a3 a5 13. Ne5 Nxe5 14. Rxe5 Rb8 15.
Nd2 Bd6 16. Bxd4 Bxe5 17. Bxe5 Ra8 18. d4 Ra6 19. c5 Nd5 20. Bf1 Ra8 21. Nc4 f6
22. Bd6 b6 23. Qc2 bxc5 24. dxc5 Bb7 25. Rd1 f5 26. Bg2 Ra6 27. Be5 Qa8 28. Qd2
Bc6 29. Nd6 Re7 30. Bf1 Raa7 31. Bc4 Rad7 32. b4 axb4 33. axb4 Nc7 34. Ra1 Qf8
35. Qc2 Ba8 36. b5 Nd5 37. c6 Rd8 38. Bxd5 exd5 39. f4 Rc7 40. Nxf5 Rf7 41. Nd4
Rc8 42. b6 Qe8 43. c7 1-0

[Event "16th ch-EUR Indiv w 2015"]
[Site "Chakvi GEO"]
[Date "2015.05.30"]
[Round "11.33"]
[White "Gaboyan, Susanna"]
[Black "Kiolbasa, Oliwia"]
[Result "0-1"]
[BlackTitle "WFM"]
[WhiteElo "2153"]
[BlackElo "2223"]
[WhiteFideId "13303627"]
[BlackFideId "1154613"]
[EventDate "2015.05.19"]

1. d4 d5 2. c4 dxc4 3. Nf3 Nf6 4. e3 Bg4 5. Bxc4 e6 6. Qb3 Bxf3 7. gxf3 c5 8.
dxc5 Bxc5 9. Qxb7 Nbd7 10. O-O O-O 11. f4 Rb8 12. Qf3 Qc7 13. Nd2 e5 14. f5 e4
15. Nxe4 Ne5 16. Nxf6+ gxf6 17. Qe4 Kh8 18. Kh1 Rg8 19. f3 Be7 20. b3 Nxc4 21.
Qxc4 Qe5 22. Qd4 Qxf5 23. Bb2 Rb4 24. Qxa7 Qc2 25. Rg1 Qxh2+ 0-1

[Event "16th ch-EUR Indiv w 2015"]
[Site "Chakvi GEO"]
[Date "2015.05.30"]
[Round "11.34"]
[White "Bokuchava, Madona"]
[Black "Imnadze, Nato"]
[Result "1/2-1/2"]
[WhiteTitle "WFM"]
[BlackTitle "WIM"]
[WhiteElo "2063"]
[BlackElo "2196"]
[WhiteFideId "13603663"]
[BlackFideId "13600974"]
[EventDate "2015.05.19"]

1. d4 d5 2. c4 c6 3. Nf3 Nf6 4. e3 e6 5. Qc2 Nbd7 6. b3 Bb4+ 7. Bd2 Bd6 8. Nc3
O-O 9. Be2 a6 10. e4 dxe4 11. Nxe4 Nxe4 12. Qxe4 c5 13. Bc3 Nf6 14. Qc2 cxd4 15.
Nxd4 Qc7 16. h3 e5 17. Nf5 Bc5 18. O-O Re8 19. Rad1 b6 20. b4 Bf8 21. Ne3 Bb7
22. Qb3 Rad8 23. Rxd8 Rxd8 24. Rd1 Re8 25. a3 g6 26. Bb2 Bh6 27. Qd3 Qc6 28. Bf1
Bf4 29. Qd6 Bxe3 30. fxe3 Ne4 31. Qxc6 Bxc6 32. b5 Bb7 33. Rd7 Nc5 34. Rd6 Na4
35. Ba1 Kf8 36. Be2 axb5 37. cxb5 Ke7 38. Bxe5 Rc8 39. Rd2 Nc3 40. Bd6+ Ke6 41.
Bb4 Nxe2+ 42. Rxe2 f5 43. Rd2 Bd5 44. Kf2 Ke5 45. Be7 Ke6 46. Bb4 Ke5 47. Be7
Ke6 1/2-1/2

[Event "16th ch-EUR Indiv w 2015"]
[Site "Chakvi GEO"]
[Date "2015.05.30"]
[Round "11.35"]
[White "Gevorgyan, Maria"]
[Black "Gavasheli, Ana"]
[Result "1/2-1/2"]
[WhiteTitle "WFM"]
[BlackTitle "WIM"]
[WhiteElo "2190"]
[BlackElo "2122"]
[WhiteFideId "13300270"]
[BlackFideId "13602586"]
[EventDate "2015.05.19"]

1. e4 c5 2. Nc3 e6 3. Nf3 Nc6 4. Bb5 Nge7 5. O-O a6 6. Bxc6 Nxc6 7. d4 cxd4 8.
Nxd4 Be7 9. Re1 O-O 10. Nxc6 bxc6 11. e5 f6 12. exf6 Bxf6 13. Ne4 d5 14. Nxf6+
Qxf6 15. f4 c5 16. Re5 Rb8 17. Qe2 Qd8 18. b3 Rb6 19. Bd2 Rc6 20. Rf1 a5 21. Qb5
Qb6 22. Qxb6 Rxb6 23. Bxa5 Ra6 24. b4 Bd7 25. f5 cxb4 26. Bxb4 Rxf5 27. Rfxf5
exf5 28. Rxd5 Be6 29. Rd8+ Kf7 30. a3 Rc6 31. c3 g5 32. Kf2 Bb3 33. Rd2 h5 34.
Ke3 Ke6 35. g3 Ke5 36. Rd4 Bd5 37. h4 gxh4 38. Rxh4 Bf7 39. a4 Rc4 40. Rxc4 Bxc4
41. Bf8 Bb3 42. a5 Bc4 43. Bg7+ Kd5 44. Kf4 Kc6 45. Bd4 Kb5 46. Bb6 Bd3 47. Kg5
Ka4 48. Kf4 Kb3 49. Bd4 Ka4 50. Ke3 Bf1 51. Bb6 Kb5 52. Kd4 Be2 53. Ke5 Bd3 54.
Kd5 Bf1 55. Ke6 Bd3 56. Kd7 f4 57. gxf4 h4 58. Bg1 Kxa5 59. Kc6 Ka4 60. Kc5 Kb3
61. Kd4 Bc4 62. f5 h3 63. f6 Bf7 64. Bh2 Bg8 65. Be5 Bf7 66. Ke3 h2 67. Bxh2 1/2-1/2